000 00950nam a2200265 a 4500
001 352
003 BR-CuiBMT
005 20231215235950.0
008 231101s2019 mgba 000 0 por d
020 _a9788545004738
040 _aBR-CuiBMT
_cBR-CuiBMT
080 _22007
_a343.352:35.077.1
_x-048.47
090 _a343.352:35.077.1-048.47
_bC737
245 1 _aCompliance, gestão de riscos e combate à corrupção :
_bintegridade para o desenvolvimento /
_cMarco Aurélio Borges de Paula ,Rodrigo Pironti Aguirre de Castro, coordenadores ; prefácio, Benjamin Zymler.
250 _a3. reimpr.
260 _aBelo Horizonte :
_bForum,
_c2019.
300 _a452 p.:
_bil.
_c22 cm
504 _ainclui bibliografia.
650 _aDireito administrativo
650 _aCorrupção
650 _aAnticorrupção
700 _4coord.
_aPaula, Marco Aurélio Borges de
700 _4coord.
_aCastro, Rodrigo Pironti Aguirre de,
_d1981-
942 _2udc
_cLV
999 _c352
_d352